00191nam a2200073Ia 4500008004100000082000800041100001600049245005200065240331s9999 xx 000 0 und d bPOC aSyker,J. ed 4aThe pocket oxford dictionary of current English